Dictionnaire multilingue de la Federation Internationale des Geometres. Edition trilingue Francais - Allemand - Anglais. (Record no. 96601)

MARC details
000 -LEADER
fixed length control field 00641cam a2200229 4500
001 - CONTROL NUMBER
control field J85739
008 - FIXED-LENGTH DATA ELEMENTS--GENERAL INFORMATION
fixed length control field 090401t xxu||||| |||| 00| 0 eng d
035 ## - SYSTEM CONTROL NUMBER
System control number (Sirsi) u80160
041 ## - LANGUAGE CODE
Language code of text/sound track or separate title eng
050 ## - LIBRARY OF CONGRESS CALL NUMBER
Classification number 526.903
110 ## - MAIN ENTRY--CORPORATE NAME
Corporate name or jurisdiction name as entry element Federation International Des Geometres
245 ## - TITLE STATEMENT
Title Dictionnaire multilingue de la Federation Internationale des Geometres. Edition trilingue Francais - Allemand - Anglais.
260 ## - PUBLICATION, DISTRIBUTION, ETC.
Place of publication, distribution, etc. Amsterdam
Name of publisher, distributor, etc. FIG
Date of publication, distribution, etc. n.d.
300 ## - PHYSICAL DESCRIPTION
Extent xviii,501p. ; 25cm.
350 ## - PRICE (NR) (BK AM CF MU VM SE) [OBSOLETE]
Price 0
650 ## - SUBJECT ADDED ENTRY--TOPICAL TERM
Topical term or geographic name entry element DICTIONARIES
650 ## - SUBJECT ADDED ENTRY--TOPICAL TERM
Topical term or geographic name entry element GEODESY
650 ## - SUBJECT ADDED ENTRY--TOPICAL TERM
Topical term or geographic name entry element LAND SURVEYING
690 ## - LOCAL SUBJECT ADDED ENTRY--TOPICAL TERM (OCLC, RLIN)
Topical term or geographic name as entry element LAND SURVEYING
942 ## - ADDED ENTRY ELEMENTS (KOHA)
Suppress in OPAC 0
948 ## - LOCAL PROCESSING INFORMATION (OCLC); SERIES PART DESIGNATOR (RLIN)
c (OCLC) 08/08/1997
Holdings
Withdrawn status Lost status Source of classification or shelving scheme Damaged status Not for loan Home library Current library Shelving location Date acquired Total Checkouts Full call number Barcode Date last seen Copy number Price effective from Koha item type
    Dewey Decimal Classification     London London Basement 14/09/1999   SHELF 307 30015768 06/08/2019 1 06/08/2019 Reference material